000
00359nam a2200133Ia 4500
003
GCL
008
140319s9999 xx 000 0 ara d
040
_a
GCL /
_c
GCL
082
0
4
_a
259
_b
ع ف
245
1
0
_a
فتاوى وتنبيهات ونصائح
260
_a
[S.N] :
_b
مكتبة السنة للنشر والتوزيع ،
_c
1989
300
_a
640
490
_a
999
_c
54921
_d
54921